000 00400nam a2200169Ia 4500
008 140306s9999 xx 000 0 und d
020 _a8190001930
041 _aeng
082 _a658
_bPRO/MA
100 _aDeepak Mahendru
245 _aManagement ideas in action
260 _aNew Delhi
_bThink Inc
_c1993
300 _a492
365 _bRs. 266
700 _aPromod Batra
942 _2ddc
_cBK
999 _c178707
_d178707